| 000 -LEADER |
| fixed length control field |
00555nam a2200205Ia 4500 |
| 003 - CONTROL NUMBER IDENTIFIER |
| control field |
OSt |
| 005 - DATE AND TIME OF LATEST TRANSACTION |
| control field |
20251022123838.0 |
| 008 - FIXED-LENGTH DATA ELEMENTS--GENERAL INFORMATION |
| fixed length control field |
250310s9999||||xx |||||||||||||| ||und|| |
| 020 ## - INTERNATIONAL STANDARD BOOK NUMBER |
| International Standard Book Number |
0 408 00170 4 |
| 040 ## - CATALOGING SOURCE |
| Transcribing agency |
. |
| 082 ## - DEWEY DECIMAL CLASSIFICATION NUMBER |
| Classification number |
623.87 |
| Item number |
S719 |
| 100 ## - MAIN ENTRY--PERSONAL NAME |
| 9 (RLIN) |
1200 |
| Personal name |
Souchotte, Ernest |
| Relator term |
editor |
| 245 #0 - TITLE STATEMENT |
| Title |
Marine auxiliary machinery / |
| Statement of responsibility, etc. |
edited by Ernest Souchotte |
| 250 ## - EDITION STATEMENT |
| Edition statement |
5th ed. |
| 260 ## - PUBLICATION, DISTRIBUTION, ETC. |
| Place of publication, distribution, etc. |
London : |
| Name of publisher, distributor, etc. |
Newnes - Butterworths, |
| Date of publication, distribution, etc. |
1975. |
| 300 ## - PHYSICAL DESCRIPTION |
| Extent |
502 p. |
| 650 #0 - SUBJECT ADDED ENTRY--TOPICAL TERM |
| 9 (RLIN) |
198 |
| Topical term or geographic name entry element |
Marine Engines |
|
| 9 (RLIN) |
1202 |
| Topical term or geographic name entry element |
Marine machinery |
| 942 ## - ADDED ENTRY ELEMENTS (KOHA) |
| Koha item type |
Books |
| Source of classification or shelving scheme |
|